header

Pragmatic pluralism and the problem of God (Record no. 9614)

MARC details
000 -LEADER
fixed length control field 01311nam a2200361Ia 4500
001 - CONTROL NUMBER
control field ebr10693765
003 - CONTROL NUMBER IDENTIFIER
control field CaPaEBR
006 - FIXED-LENGTH DATA ELEMENTS--ADDITIONAL MATERIAL CHARACTERISTICS--GENERAL INFORMATION
fixed length control field m u
007 - PHYSICAL DESCRIPTION FIXED FIELD--GENERAL INFORMATION
fixed length control field cr cn|||||||||
008 - FIXED-LENGTH DATA ELEMENTS--GENERAL INFORMATION
fixed length control field 130315s2013 nyu sb 001 0 eng d
010 ## - LIBRARY OF CONGRESS CONTROL NUMBER
Canceled/invalid LC control number 2012050167
020 ## - INTERNATIONAL STANDARD BOOK NUMBER
Cancelled/invalid ISBN 0823251586 (cloth : alk. paper)
Cancelled/invalid ISBN 9780823251582 (cloth : alk. paper)
040 ## - CATALOGING SOURCE
Original cataloging agency CaPaEBR
Transcribing agency CaPaEBR
035 ## - SYSTEM CONTROL NUMBER
System control number (OCoLC)847005632
050 14 - LIBRARY OF CONGRESS CALL NUMBER
Classification number BL51
Item number .P5533 2013eb
082 04 - DEWEY DECIMAL CLASSIFICATION NUMBER
Classification number 210
Edition number 23
100 1# - MAIN ENTRY--PERSONAL NAME
Personal name Pihlstrom, Sami.
245 10 - TITLE STATEMENT
Title Pragmatic pluralism and the problem of God
Medium [electronic resource] /
Statement of responsibility, etc Sami Pihlstrom.
250 ## - EDITION STATEMENT
Edition statement 1st ed.
260 ## - PUBLICATION, DISTRIBUTION, ETC. (IMPRINT)
Place of publication, distribution, etc New York :
Name of publisher, distributor, etc Fordham University Press,
Date of publication, distribution, etc 2013.
300 ## - PHYSICAL DESCRIPTION
Extent xii, 245 p.
490 1# - SERIES STATEMENT
Series statement American philosophy
504 ## - BIBLIOGRAPHY, ETC. NOTE
Bibliography, etc Includes bibliographical references and index.
533 ## - REPRODUCTION NOTE
Type of reproduction Electronic reproduction.
Place of reproduction Palo Alto, Calif. :
Agency responsible for reproduction ebrary,
Date of reproduction 2013.
Note about reproduction Available via World Wide Web.
-- Access may be limited to ebrary affiliated libraries.
650 #0 - SUBJECT ADDED ENTRY--TOPICAL TERM
Topical term or geographic name as entry element Religion
General subdivision Philosophy.
Topical term or geographic name as entry element Pragmatism.
Topical term or geographic name as entry element God.
655 #7 - INDEX TERM--GENRE/FORM
Genre/form data or focus term Electronic books.
Source of term local
710 2# - ADDED ENTRY--CORPORATE NAME
Corporate name or jurisdiction name as entry element ebrary, Inc.
830 #0 - SERIES ADDED ENTRY--UNIFORM TITLE
Uniform title American philosophy series.
856 40 - ELECTRONIC LOCATION AND ACCESS
Uniform Resource Identifier <a href="http://site.ebrary.com/lib/rucke/Doc?id=10693765">http://site.ebrary.com/lib/rucke/Doc?id=10693765</a>
Public note An electronic book accessible through the World Wide Web; click to view

No items available.

© 2026 Rongo University
Contact us: librarian | system librarian | Rongo university